000 00837nab a2200253 u 4500
001 09691
003 HDC
007 cr bn ---aaaaa
008 210202c20141015my dr|nes 0 a may d
040 _aHDC
100 _aNabila Yasmin Razib,
_eauthor
_97621
245 0 _aAIM keluar pembiayaan RM11.12b /
_cby Nabila Yasmin Razib
260 _aKuala Lumpur :
_bMedia Mulia Sdn. Bhd.,
_c2014
336 _atext
_2rdacontent
337 _acomputer
_2rdamedia
338 _aonline resource
_2rdacarrier
650 _aEntrepreneur
_91863
650 _aEntrepreneurship
_9209
710 _aUtusan Malaysia
856 _zRequest full-text at [email protected]
942 _2lcc
942 _cNEWS
942 _kNWSC 000992
999 _c7014
_d7014